Recherches sur le pouvoir réglementaire de l'administration (Registro nro. 316492)

Detalles MARC
000 -ENCABEZADO
Número de control [NR] 00741nam a2200193 a 4500
005 - FECHA Y HORA DE LA ÚLTIMA TRANSACCIÓN
control field 20210709092546.0
008 - DE LONGITUD FIJA DE DATOS DE ELEMENTOS - INFORMACIÓN GENERAL
Elementos de longitud fija [NR] 210709s1968 fr |||gr|||| 00| 0 fre d
040 ## - FUENTE DE CATALOGACION [NR]
Agencia de catalogación original [NR] CO-BoUCM
Idioma de catalogación [NR] spa
Quien Cataloga Deissy Garcia
Quien Clasifica Deissy Garcia
041 0# - CODIGO DE IDIOMA [R]
Código de idioma para texto/pista de sonido o título separado [R] Francés
100 1# - ASIENTO PRINCIPAL--NOMBRE PERSONAL [NR]
Nombre personal [NR] Douence, Jean-Claude
Fechas asociadas con el nombre [NR] 1940-
ID Autoridad 104100
245 10 - MENCION DE TITULO [NR]
Título [NR] Recherches sur le pouvoir réglementaire de l'administration
Mención de responsabilidad, etc. [NR] Jean-Claude Douence
260 ## - PUBLICACION, DISTRIBUCION, ETC. (PIE DE IMPRENTA) [R]
Lugar de publicación, distribución, etc. [R] París
Nombre del editor, distribuidor, etc. [R] Librairie generale de droit et de jurisprudence
Fecha de publicación, distribución, etc. [R] 1968
300 ## - DESCRIPCION FISICA [R]
Extensión [R] xiv, 535 páginas
490 0# - MENCION DE SERIE [R]
Mención de serie [R] Bibliothèque de droit public
Designación numérica/secuencial del volumen [NR] 81
504 ## - NOTA DE BIBLIOGRAFIA, ETC. [R]
Nota de bibliografía, etc. [NR] Incluye referencias bibliográficas
650 #0 - ASIENTO SECUNDARIO DE MATERIA - TERMINO TEMATICO [R]
9 (RLIN) 103411
Término temático o nombre geográfico como elemento de entrada [NR] Derecho administrativo
Subdivisión geográfica [R] Francia
942 ## - ELEMENTOS DE ENTRADA AGREGADOS (KOHA)
Tipo de ítem principal el descrito en 300a Libro
Sistema de clasificación DEWEY
Tema principal Derecho
Edición 1
Clasificación 342.44
Parte restante de la signatura top. D729r
Título oculto en OPAC No
Existencias
Signatura topográfica Código de barras Última vez visto Ejemplar Costo de reposición Price effective from Tipo de ítem Perdido Sistema de clasificación Dañado No prestable Tipo de ítem específico Suprimido Ubicación habitual Ubicación actual Localización Fecha de creación Proveedor Forma de adquisición Costo
342.44 D729r 100164921 06/12/2024 Ej.1 26000.00 01/11/2019 Libro   DEWEY     Libro   BodegaJK Claustro Préstamo 2 días después de solicitado 01/11/2019 12 Donación 0.00